| 000 | 00429nam a2200169Ia 4500 | ||
|---|---|---|---|
| 003 | GCL | ||
| 008 | 140319s9999 xx 000 0 eng d | ||
| 040 |
_aGCL / _cGCL |
||
| 082 | 0 | 4 |
_a726.5 _bP C |
| 100 | 1 | _aPOLK, BENJAMIN | |
| 245 | 1 | 0 |
_aCHRIS CHURCH PRIORY / _cPOLK, BENJAMIN |
| 260 |
_a[S.N] : _bACADEMY EDITIONS ، _c1994 |
||
| 300 | _a96 P | ||
| 650 | 0 | 4 | _aARCHITECTURE |
| 650 | 0 | 4 | _aCHURCH, ARCHITECTURE |
| 942 |
_2ddc _cBK |
||
| 999 |
_c11509 _d11509 |
||